00908nam a22002537a 45000010005000000030006000050050017000110080041000280200018000690400029000870500015001160820011001311000023001422450082001652500044002472600037002913000043003285050008003715200177003795210021005565210020005776500030005976500027006275393FISKH20241202123428.0241202b cb ||||| |||| 00| 0 eng d a9780545286077 aFISKHbengcFISKHdFISKH aHB3717.B58 a332.64 aBlumenthal, Karen  aSix Days in October :bThe Stock Market Crash of 1929 / cby Karen Blumenthal aFirst Scholastic printing, October 2010 aNew York : bScholastic ;c2002. a156 pages : billustrations ;c24 cm . aZ  aA comprehensive review of the events, personalities, and mistakes behind the Stock Market Crash of 1929, featuring photographs, newspaper articles, and cartoons of the day.8 a1040 bLexile 8 aZ bRaz-Plus  astock marketvNon-fiction aeconomicsvNon-fiction